000 00285nam a2200109Ia 4500
008 190216s9999||||xx |||||||||||||| ||und||
100 _a"Henry Eyring, John Walter &george E Kimball"
245 0 _aQuantum Chemistry
260 _bJohn Wiley & Sons
_c1985
300 _a394
942 _cBK
999 _c2680
_d2680